LEADER 01679nam a2200229 i 4500 001 000000078514 003 CaOOAMICUS 005 20230828084112.0 008 170124s1816 it u000 u ita u 026 $ai,di o-si a.'e orca (3) 1816 (R) 040 $aSeMil$bita 100 1 $aBigoni, Angelo,$d<1779-1860>.$0(OLS)http://semarc/name/91050 245 13$aIl forestiere istruito delle meraviglie e delle cose pił belle che si ammirano internamente ed esternamente nella basilica del gran taumaturgo S. Antonio di Padova. con una raccolta intera e ordinata di tutte le iscrizioni della chiesa e de' chiostri e con l'aggiunta di tutte le sacre funzioni che vi si eseguiscono fra l'anno opera del padre Angelo Bigoni .. 264 1$aPadova :$bNella Stamp. del Seminario,$c1816. 300 $a214, [2] p., [3] carte di tav. :$bill. calcogr. ;$c8°. 650 4$aPadova - Chiese - Basilica di Sant' Antonio.$0(OLS)http://semarc/subject/24065 710 2 $aTipografia del Seminario$b.$0(OLS)http://semarc/name/1033 850 $aSeMil 852 $aSeMil$W1$xVenegono$y1$m3P II 44 FA$j44428$B44428$CSeMilBibl$Z2$F46110 $8I 996 $6245$aIl forestiere istruito delle meraviglie e delle cose pił belle che si ammirano internamente ed esternamente nella basilica del gran taumaturgo S. Antonio di Padova. con una raccolta intera e ordinata di tutte le iscrizioni della chiesa e de' chiostri e con l'aggiunta di tutte le sacre funzioni che vi si eseguiscono fra l'anno opera del padre Angelo Bigoni ..$9(OLS)http://semarc/title/402934 996 $6264$aPadova :$bNella Stamp. del Seminario$9(OLS)http://semarc/publisher/56362 LEADER 00909nam a2200229 i 4500 001 000000107331 003 CaOOAMICUS 005 20190529123205.0 008 031117s1988 it u000 u und u 013 $a79568 040 $aSeMil$bita 100 1 $aMises, Ludwig : von,$d<1881-1973>.$0(OLS)http://semarc/name/45160 240 10$aEpistemological problems of economics.$0(OLS)http://semarc/title/155745 245 10$aProblemi epistemologici dell'economia /$cLudwig von Mises. 260 $aRoma :$bArmando,$c1988. 650 4$aEconomia.$0(OLS)http://semarc/subject/854 850 $aSeMil 852 $aSeMil$W1$xVenegono$y1$m3M III 57$j63427$B63427$CSeMilBibl$Z2$F94216 $81 961 $aOmaggio: Duchini Prof. Francesca 996 $6245$aProblemi epistemologici dell'economia$9(OLS)http://semarc/title/155744 996 $6260$aRoma :$bArmando$9(OLS)http://semarc/publisher/29857